Intonatsiia slozhnogo predlozheniia v slavianskikh iazykakh /

Bibliographic Details
Main Author: Nikolaeva, Tat
Format: Book
Language:Russian
Published: Moskva : "Nauka,", 1969.
Subjects:

MARC

Tag First Indicator Second Indicator Subfields
LEADER 00000cam a2200000 4500
001 in00000042793
005 20151007064849.0
008 770809s1969 rura b 00000 rusr
010 |a  78410111  
035 |a (OCoLC)03174563 
035 |9 AAE0782AM 
040 |a DLC  |c TJC  |d TXA  |d UtOrBLW 
049 |a TXAM  |c [713130] 
050 0 0 |a PG81.5  |b .N5 
100 1 |a Nikolaeva, Tat. 
245 1 0 |a Intonatsiia slozhnogo predlozheniia v slavianskikh iazykakh /  |c Opyt eksperimentalnogo issledovaniia. 
264 1 |a Moskva :  |b "Nauka,",  |c 1969. 
300 |a 286 pages with illustrations ;  |c 20 cm. 
336 |a text  |b txt  |2 rdacontent 
337 |a unmediated  |b n  |2 rdamedia 
338 |a volume  |b nc  |2 rdacarrier 
500 |a In Cyrillic characters. 
500 |a At head of title: T. M. Nikolaeva. 
500 |a On leaf preceding title page : Akademiia nauk SSSR. Institut slavianovedeniia i balkanistiki. 
504 |a Bibliography: pages 256-[283]. 
650 0 |a Slavic languages  |x Intonation. 
999 |a MARS 
999 f f |s 1700e27e-7f97-38f9-9ced-9a49944ca03e  |i c9e98c97-6e0d-3a26-9462-ed84680d8231  |t 0 
952 f f |p ric  |a Texas A&M University  |b Rellis Campus  |c Joint Library Facility  |s JLF  |d Remote Storage  |t 0  |e PG81.5 .N5  |h Library of Congress classification  |i unmediated -- volume  |m A14803612536 
998 f f |a PG81.5 .N5  |t 0  |l Remote Storage